000 00428nam a22001817a 4500
003 OSt
005 20241029112957.0
008 241029b |||||||| |||| 00| 0 eng d
040 _cMRSPTU
041 _aENG
082 _a638.1
_bAB-B
100 _aAbrol , Dharam P.
245 _aBeeKeeping : A Concise Guide
260 _aJodhpur
_bScientific Pub.
_c2023
300 _a500
650 _aAgriculture
942 _2ddc
_cBK
_n0
999 _c10399
_d10399